书目信息 |
| 题名: |
西行书简
|
|
| 作者: | 郑振铎 著 | |
| 分册: | ||
| 出版信息: | 北京 北京师范大学出版社 2012 |
|
| 页数: | 288页 | |
| 开本: | 21cm | |
| 丛书名: | ||
| 单 册: | ||
| 中图分类: | I266.4 | |
| 科图分类: | ||
| 主题词: | 游记--作品集--中国--当代 | |
| 电子资源: | ||
| ISBN: | 978-7-303-13891-3 | |
| 000 | 00697nam0 2200241 450 | |
| 001 | 337717 | |
| 005 | 20150526100732.76 | |
| 010 | @a978-7-303-13891-3@dCNY22.00 | |
| 100 | @a20120528d2012 em y0chiy50 ea | |
| 101 | 0 | @achi |
| 102 | @aCN@b110000 | |
| 105 | @ay z 000cy | |
| 106 | @ar | |
| 200 | 1 | @a西行书简@Axi xing shu jian@f郑振铎著 |
| 210 | @a北京@c北京师范大学出版社@d2012 | |
| 215 | @a288页@d21cm | |
| 300 | @a大家书斋 第一辑 | |
| 330 | @a本书分为三个部分, 内容包括: 西行书简、山中杂记和欧行日记。 | |
| 606 | 0 | @a游记@x作品集@y中国@z当代 |
| 690 | @aI266.4@v5 | |
| 701 | 0 | @a郑振铎@Azheng zhen duo@f(1898 1958)@4著 |
| 801 | 0 | @aCN@b卓展宏图@c20150525 |
| 905 | @dI266.4@e1578@f4 | |
| 西行书简/郑振铎著.-北京:北京师范大学出版社,2012 |
| 288页;21cm |
| 大家书斋 第一辑 |
| ISBN 978-7-303-13891-3:CNY22.00 |
| 本书分为三个部分, 内容包括: 西行书简、山中杂记和欧行日记。 |
| ● |
| 相关链接 |
|
|
|
|
正题名:西行书简
索取号:I266.4/1578
 
预约/预借
| 序号 | 登录号 | 条形码 | 馆藏地/架位号 | 状态 | 备注 |
| 1 | 854414 | 208544146 | 第一样本阅览室/ [索取号:I266.4/1578] | 在馆 | |
| 2 | 854415 | 208544155 | 第二借阅区/ [索取号:I266.4/1578] | 在馆 | |
| 3 | 854416 | 208544164 | 第二借阅区/ [索取号:I266.4/1578] | 在馆 | |
| 4 | 854417 | 208544173 | 教育系资料室/ [索取号:I266.4/1578] | 在馆 |